[Event "DVM U16w 2023"]
[Site "Magdeburg GER"]
[Date "2023.12.29"]
[Round "5"]
[White "Kovalyova, Alina"]
[Black "Einacker, Anika"]
[Result "0-1"]
[Termination "normal"]
[Board "5.4"]
[WhiteElo "1146"]
[BlackElo "1211"]
[WhiteClock "00:40:51"]
[BlackClock "00:02:25"]
[WhiteTeam "SG Solingen"]
[BlackTeam "Hamburger SK 1830"]
[PlyCount "120"]
[WhiteFideId "34669477"]
[BlackFideId "34620591"]
[EventCountry "GER"]
[EventRounds "7"]
[EventType "team-swiss"]
[EventDate "2023.12.26"]

1. e4 {[%clk 01:30:58]} {[%emt 00:00:02]} c5 {[%clk 01:30:54]} {[%emt
00:00:06]} 2. d4 {[%clk 01:30:52]} {[%emt 00:00:35]} cxd4 {[%clk 01:31:16]}
{[%emt 00:00:09]} 3. Qxd4 {[%clk 01:31:09]} {[%emt 00:00:13]} Nc6 {[%clk
01:31:36]} {[%emt 00:00:10]} 4. Qe3 {[%clk 01:31:02]} {[%emt 00:00:37]} Nf6
{[%clk 01:30:40]} {[%emt 00:01:25]} 5. Bb5 {[%clk 01:31:05]} {[%emt 00:00:28]}
e6 {[%clk 01:21:19]} {[%emt 00:09:51]} 6. Bxc6 {[%clk 01:30:18]} {[%emt
00:01:16]} bxc6 {[%clk 01:21:40]} {[%emt 00:00:10]} 7. Nf3 {[%clk 01:28:41]}
{[%emt 00:02:08]} Be7 {[%clk 01:15:23]} {[%emt 00:06:46]} 8. h3 {[%clk
01:26:49]} {[%emt 00:02:21]} d5 {[%clk 01:12:59]} {[%emt 00:02:55]} 9. Nbd2
{[%clk 01:25:12]} {[%emt 00:02:07]} O-O {[%clk 01:12:11]} {[%emt 00:01:18]} 10.
O-O {[%clk 01:23:29]} {[%emt 00:02:13]} Qc7 {[%clk 01:09:52]} {[%emt 00:02:47]}
11. c4 {[%clk 01:20:51]} {[%emt 00:03:09]} a5 {[%clk 01:06:22]} {[%emt
00:04:01]} 12. a3 {[%clk 01:19:01]} {[%emt 00:02:20]} Ba6 {[%clk 01:03:46]}
{[%emt 00:03:04]} 13. b3 {[%clk 01:17:33]} {[%emt 00:02:00]} Rab8 {[%clk
00:58:28]} {[%emt 00:05:47]} 14. Rb1 {[%clk 01:16:33]} {[%emt 00:01:30]} a4
{[%clk 00:57:41]} {[%emt 00:01:18]} 15. Qd4 {[%clk 01:10:27]} {[%emt 00:06:36]}
axb3 {[%clk 00:55:10]} {[%emt 00:03:01]} 16. Re1 {[%clk 01:07:19]} {[%emt
00:03:38]} Rfd8 {[%clk 00:43:04]} {[%emt 00:12:35]} 17. Qc3 {[%clk 01:05:12]}
{[%emt 00:02:37]} Qa7 {[%clk 00:34:31]} {[%emt 00:09:00]} 18. Rxb3 {[%clk
01:02:33]} {[%emt 00:03:13]} Rxb3 {[%clk 00:26:55]} {[%emt 00:08:06]} 19. Qxb3
{[%clk 01:02:00]} {[%emt 00:01:02]} Rb8 {[%clk 00:24:30]} {[%emt 00:02:55]} 20.
Qa4 {[%clk 00:59:57]} {[%emt 00:02:33]} Qb6 {[%clk 00:23:11]} {[%emt 00:01:43]}
21. Ne5 {[%clk 00:58:00]} {[%emt 00:02:33]} Bb7 {[%clk 00:22:20]} {[%emt
00:01:16]} 22. cxd5 {[%clk 00:56:16]} {[%emt 00:02:20]} cxd5 {[%clk 00:22:21]}
{[%emt 00:00:28]} 23. exd5 {[%clk 00:55:42]} {[%emt 00:01:04]} Bxd5 {[%clk
00:22:22]} {[%emt 00:00:30]} 24. Ndc4 {[%clk 00:52:55]} {[%emt 00:03:17]} Qb3
{[%clk 00:17:35]} {[%emt 00:05:16]} 25. Qxb3 {[%clk 00:52:31]} {[%emt
00:00:55]} Rxb3 {[%clk 00:17:59]} {[%emt 00:00:06]} 26. Re3 {[%clk 00:52:36]}
{[%emt 00:00:23]} Rb1 {[%clk 00:17:48]} {[%emt 00:00:41]} 27. Rc3 {[%clk
00:49:46]} {[%emt 00:03:22]} Ne4 {[%clk 00:16:22]} {[%emt 00:01:56]} 28. Rc2
{[%clk 00:49:11]} {[%emt 00:01:04]} g6 {[%clk 00:11:56]} {[%emt 00:04:57]} 29.
f3 {[%clk 00:46:05]} {[%emt 00:03:35]} Ng3 {[%clk 00:10:33]} {[%emt 00:01:52]}
30. Kf2 {[%clk 00:45:25]} {[%emt 00:01:11]} Nf5 {[%clk 00:10:56]} {[%emt
00:00:07]} 31. Ne3 {[%clk 00:44:15]} {[%emt 00:01:39]} Bh4+ {[%clk 00:10:25]}
{[%emt 00:01:01]} 32. Ke2 {[%clk 00:43:35]} {[%emt 00:01:11]} Nd4+ {[%clk
00:10:39]} {[%emt 00:00:16]} 33. Kd3 {[%clk 00:43:03]} {[%emt 00:01:00]} Nxc2
{[%clk 00:11:00]} {[%emt 00:00:10]} 34. Kxc2 {[%clk 00:43:11]} {[%emt
00:00:22]} Rb8 {[%clk 00:10:40]} {[%emt 00:00:48]} 35. Nxd5 {[%clk 00:42:58]}
{[%emt 00:00:44]} exd5 {[%clk 00:10:45]} {[%emt 00:00:25]} 36. Bb2 {[%clk
00:42:40]} {[%emt 00:00:48]} Ra8 {[%clk 00:10:56]} {[%emt 00:00:20]} 37. Kd3
{[%clk 00:42:23]} {[%emt 00:00:47]} Be7 {[%clk 00:10:14]} {[%emt 00:01:11]} 38.
Kd4 {[%clk 00:41:51]} {[%emt 00:01:02]} Bxa3 {[%clk 00:10:03]} {[%emt
00:00:43]} 39. Bxa3 {[%clk 00:42:09]} {[%emt 00:00:11]} Rxa3 {[%clk 00:10:29]}
{[%emt 00:00:04]} 40. Kxd5 {[%clk 00:42:31]} {[%emt 00:00:08]} Ra2 {[%clk
00:10:38]} {[%emt 00:00:21]} 41. g3 {[%clk 00:42:42]} {[%emt 00:00:19]} Rg2
{[%clk 00:10:02]} {[%emt 00:01:06]} 42. g4 {[%clk 00:42:16]} {[%emt 00:00:56]}
Rh2 {[%clk 00:09:53]} {[%emt 00:00:39]} 43. Ke4 {[%clk 00:41:53]} {[%emt
00:00:53]} Rxh3 {[%clk 00:09:23]} {[%emt 00:01:00]} 44. f4 {[%clk 00:42:06]}
{[%emt 00:00:17]} f6 {[%clk 00:08:38]} {[%emt 00:01:16]} 45. Nf3 {[%clk
00:41:57]} {[%emt 00:00:38]} Kg7 {[%clk 00:08:20]} {[%emt 00:00:43]} 46. g5
{[%clk 00:40:46]} {[%emt 00:01:45]} f5+ {[%clk 00:06:17]} {[%emt 00:02:33]} 47.
Ke3 {[%clk 00:40:35]} {[%emt 00:00:43]} h6 {[%clk 00:06:27]} {[%emt 00:00:20]}
48. Kf2 {[%clk 00:40:17]} {[%emt 00:00:47]} hxg5 {[%clk 00:06:37]} {[%emt
00:00:21]} 49. fxg5 {[%clk 00:40:34]} {[%emt 00:00:12]} Rh8 {[%clk 00:02:20]}
{[%emt 00:04:46]} 50. Ke3 {[%clk 00:40:28]} {[%emt 00:00:37]} Rg8 {[%clk
00:01:38]} {[%emt 00:01:13]} 51. Kf4 {[%clk 00:40:35]} {[%emt 00:00:23]} Kf7
{[%clk 00:01:49]} {[%emt 00:00:19]} 52. Ne5+ {[%clk 00:40:45]} {[%emt
00:00:20]} Ke6 {[%clk 00:00:59]} {[%emt 00:01:16]} 53. Nf3 {[%clk 00:40:27]}
{[%emt 00:00:53]} Ra8 {[%clk 00:01:03]} {[%emt 00:00:24]} 54. Nd4+ {[%clk
00:40:35]} {[%emt 00:00:23]} Kd5 {[%clk 00:01:15]} {[%emt 00:00:17]} 55. Nxf5
{[%clk 00:40:37]} {[%emt 00:00:29]} Ra4+ {[%clk 00:01:10]} {[%emt 00:00:35]}
56. Kg3 {[%clk 00:40:03]} {[%emt 00:01:04]} gxf5 {[%clk 00:01:29]} {[%emt
00:00:11]} 57. g6 {[%clk 00:40:19]} {[%emt 00:00:15]} Rg4+ {[%clk 00:01:38]}
{[%emt 00:00:21]} 58. Kf3 {[%clk 00:40:27]} {[%emt 00:00:21]} Ke5 {[%clk
00:01:44]} {[%emt 00:00:24]} 59. Ke3 {[%clk 00:40:30]} {[%emt 00:00:26]} Rxg6
{[%clk 00:02:08]} {[%emt 00:00:07]} 60. Kf3 {[%clk 00:40:51]} {[%emt 00:00:08]}
Rf6 {[%clk 00:02:25]} {[%emt 00:00:14]} 0-1

[Event "DVM U16w 2023"]
[Site "Magdeburg GER"]
[Date "2023.12.29"]
[Round "5"]
[White "Stepanjan, Marianne"]
[Black "Lorenz, Veronika"]
[Result "1/2-1/2"]
[Termination "normal"]
[Board "6.1"]
[WhiteElo "1678"]
[BlackElo "1651"]
[WhiteClock "00:29:55"]
[BlackClock "00:43:47"]
[WhiteTeam "TuRa Harksheide 1945 Norderstedt"]
[BlackTeam "TSG Oberschöneweide"]
[PlyCount "82"]
[WhiteFideId "16246110"]
[BlackFideId "16277406"]
[EventCountry "GER"]
[EventRounds "7"]
[EventType "team-swiss"]
[EventDate "2023.12.26"]

1. e4 {[%clk 01:30:58]} {[%emt 00:00:03]} e5 {[%clk 01:30:59]} 2. Nf3 {[%clk
01:31:21]} {[%emt 00:00:08]} Nc6 {[%clk 01:31:28]} {[%emt 00:00:01]} 3. Bb5
{[%clk 01:31:44]} {[%emt 00:00:05]} a6 {[%clk 01:31:57]} 4. Ba4 {[%clk
01:32:08]} {[%emt 00:00:08]} Nf6 {[%clk 01:32:27]} {[%emt 00:00:01]} 5. O-O
{[%clk 01:32:31]} {[%emt 00:00:06]} Be7 {[%clk 01:32:47]} {[%emt 00:00:10]} 6.
Re1 {[%clk 01:32:57]} {[%emt 00:00:04]} b5 {[%clk 01:33:14]} {[%emt 00:00:03]}
7. Bb3 {[%clk 01:33:18]} {[%emt 00:00:09]} O-O {[%clk 01:33:42]} {[%emt
00:00:01]} 8. h3 {[%clk 01:33:36]} {[%emt 00:00:14]} d6 {[%clk 01:34:08]}
{[%emt 00:00:04]} 9. c3 {[%clk 01:33:50]} {[%emt 00:00:15]} Na5 {[%clk
01:34:25]} {[%emt 00:00:12]} 10. Bc2 {[%clk 01:34:02]} {[%emt 00:00:18]} c5
{[%clk 01:34:51]} {[%emt 00:00:05]} 11. d4 {[%clk 01:34:25]} {[%emt 00:00:08]}
Qc7 {[%clk 01:35:15]} {[%emt 00:00:05]} 12. Nbd2 {[%clk 01:34:26]} {[%emt
00:00:29]} cxd4 {[%clk 01:35:38]} {[%emt 00:00:07]} 13. cxd4 {[%clk 01:34:41]}
{[%emt 00:00:15]} Nc6 {[%clk 01:36:07]} {[%emt 00:00:03]} 14. d5 {[%clk
01:28:15]} {[%emt 00:06:54]} Nb4 {[%clk 01:36:32]} {[%emt 00:00:05]} 15. Bb1
{[%clk 01:26:54]} {[%emt 00:01:52]} a5 {[%clk 01:37:01]} 16. a3 {[%clk
01:24:40]} {[%emt 00:02:45]} Na6 {[%clk 01:37:30]} {[%emt 00:00:02]} 17. Nf1
{[%clk 01:23:15]} {[%emt 00:01:55]} Bd7 {[%clk 01:37:18]} {[%emt 00:00:41]} 18.
Ng3 {[%clk 01:16:03]} {[%emt 00:07:42]} Rfc8 {[%clk 01:36:47]} {[%emt
00:01:00]} 19. Be3 {[%clk 01:13:43]} {[%emt 00:02:51]} Bd8 {[%clk 01:31:19]}
{[%emt 00:05:58]} 20. Nh2 {[%clk 01:09:30]} {[%emt 00:04:43]} Qb8 {[%clk
01:21:09]} {[%emt 00:10:40]} 21. f4 {[%clk 00:52:34]} {[%emt 00:17:25]} exf4
{[%clk 01:20:54]} {[%emt 00:00:45]} 22. Bxf4 {[%clk 00:52:51]} {[%emt
00:00:13]} Bb6+ {[%clk 01:21:12]} {[%emt 00:00:12]} 23. Be3 {[%clk 00:50:56]}
{[%emt 00:02:25]} Re8 {[%clk 01:18:07]} {[%emt 00:03:35]} 24. Kh1 {[%clk
00:45:47]} {[%emt 00:05:40]} Bxe3 {[%clk 01:16:17]} {[%emt 00:02:20]} 25. Rxe3
{[%clk 00:46:07]} {[%emt 00:00:09]} Qb6 {[%clk 01:16:41]} {[%emt 00:00:07]} 26.
Re2 {[%clk 00:42:17]} {[%emt 00:04:20]} b4 {[%clk 01:09:26]} {[%emt 00:07:46]}
27. b3 {[%clk 00:36:14]} {[%emt 00:06:30]} bxa3 {[%clk 01:04:16]} {[%emt
00:05:41]} 28. Rxa3 {[%clk 00:36:17]} {[%emt 00:00:26]} Qb4 {[%clk 00:59:56]}
{[%emt 00:04:51]} 29. Raa2 {[%clk 00:33:13]} {[%emt 00:03:35]} Nc5 {[%clk
00:59:03]} {[%emt 00:01:22]} 30. Re3 {[%clk 00:17:10]} {[%emt 00:16:34]} Nfxe4
{[%clk 00:52:35]} {[%emt 00:06:58]} 31. Nxe4 {[%clk 00:12:09]} {[%emt
00:05:32]} Nxe4 {[%clk 00:53:03]} {[%emt 00:00:01]} 32. Bxe4 {[%clk 00:03:03]}
{[%emt 00:09:37]} Rxe4 {[%clk 00:53:30]} {[%emt 00:00:01]} 33. Rxe4 {[%clk
00:03:14]} {[%emt 00:00:19]} Qxe4 {[%clk 00:53:56]} {[%emt 00:00:04]} 34. Re2
{[%clk 00:03:31]} {[%emt 00:00:07]} Qf4 {[%clk 00:34:13]} {[%emt 00:20:19]} 35.
Re7 {[%clk 00:02:46]} {[%emt 00:01:14]} Bb5 {[%clk 00:33:53]} {[%emt 00:00:51]}
36. Nf3 {[%clk 00:02:33]} {[%emt 00:00:43]} Rc8 {[%clk 00:34:04]} {[%emt
00:00:18]} 37. Nd2 {[%clk 00:01:53]} {[%emt 00:01:11]} a4 {[%clk 00:27:30]}
{[%emt 00:07:04]} 38. Re4 {[%clk 00:01:27]} {[%emt 00:00:56]} Qf5 {[%clk
00:21:03]} {[%emt 00:06:56]} 39. bxa4 {[%clk 00:01:52]} {[%emt 00:00:06]} Bd3
{[%clk 00:21:24]} {[%emt 00:00:10]} 40. Rd4 {[%clk 00:02:03]} {[%emt 00:00:17]}
Bc2 {[%clk 00:18:53]} {[%emt 00:03:02]} 41. Qe1 {[%clk 00:29:55]} {[%emt
00:02:34]} h6 {[%clk 00:43:47]} {[%emt 00:05:40]} *

[Event "DVM U16w 2023"]
[Site "Magdeburg GER"]
[Date "2023.12.29"]
[Round "5"]
[White "Fock, Madiha"]
[Black "Petrosyan, Ani"]
[Result "1-0"]
[Termination "normal"]
[Board "6.2"]
[WhiteElo "1697"]
[BlackElo "1493"]
[WhiteClock "00:31:44"]
[BlackClock "00:06:43"]
[WhiteTeam "TSG Oberschöneweide"]
[BlackTeam "TuRa Harksheide 1945 Norderstedt"]
[PlyCount "59"]
[WhiteFideId "16253574"]
[BlackFideId "16248015"]
[EventCountry "GER"]
[EventRounds "7"]
[EventType "team-swiss"]
[EventDate "2023.12.26"]

1. e4 {[%clk 01:30:59]} {[%emt 00:00:01]} c6 {[%clk 01:30:53]} {[%emt
00:00:07]} 2. d4 {[%clk 01:31:24]} {[%emt 00:00:05]} d5 {[%clk 01:31:19]}
{[%emt 00:00:04]} 3. Nd2 {[%clk 01:31:48]} {[%emt 00:00:05]} g6 {[%clk
01:31:17]} {[%emt 00:00:32]} 4. e5 {[%clk 01:30:30]} {[%emt 00:01:49]} Bf5
{[%clk 01:30:25]} {[%emt 00:01:22]} 5. Ne2 {[%clk 01:29:10]} {[%emt 00:01:50]}
Bg7 {[%clk 01:27:43]} {[%emt 00:03:11]} 6. Ng3 {[%clk 01:28:14]} {[%emt
00:01:26]} Nh6 {[%clk 01:27:04]} {[%emt 00:01:10]} 7. Be2 {[%clk 01:24:14]}
{[%emt 00:04:29]} c5 {[%clk 01:23:47]} {[%emt 00:03:47]} 8. c3 {[%clk
01:21:40]} {[%emt 00:03:04]} cxd4 {[%clk 01:23:29]} {[%emt 00:00:48]} 9. cxd4
{[%clk 01:22:02]} {[%emt 00:00:09]} Nc6 {[%clk 01:23:15]} {[%emt 00:00:43]} 10.
Nb3 {[%clk 01:19:50]} {[%emt 00:02:42]} O-O {[%clk 01:21:14]} {[%emt 00:02:32]}
11. O-O {[%clk 01:16:47]} {[%emt 00:03:31]} Rc8 {[%clk 01:20:28]} {[%emt
00:01:17]} 12. Bf4 {[%clk 01:10:34]} {[%emt 00:06:43]} Qb6 {[%clk 01:16:31]}
{[%emt 00:04:18]} 13. Qd2 {[%clk 01:09:21]} {[%emt 00:01:52]} Ng4 {[%clk
01:01:45]} {[%emt 00:15:15]} 14. Nxf5 {[%clk 01:07:22]} {[%emt 00:02:30]} gxf5
{[%clk 00:58:40]} {[%emt 00:03:34]} 15. h3 {[%clk 01:07:43]} {[%emt 00:00:09]}
Ngxe5 {[%clk 00:57:27]} {[%emt 00:01:44]} 16. dxe5 {[%clk 01:07:56]} {[%emt
00:00:18]} Rfd8 {[%clk 00:46:50]} {[%emt 00:11:06]} 17. Bh6 {[%clk 01:00:32]}
{[%emt 00:07:52]} Nxe5 {[%clk 00:36:53]} {[%emt 00:10:27]} 18. Bxg7 {[%clk
01:00:47]} {[%emt 00:00:15]} Kxg7 {[%clk 00:37:15]} {[%emt 00:00:08]} 19. Qg5+
{[%clk 01:00:51]} {[%emt 00:00:27]} Ng6 {[%clk 00:33:50]} {[%emt 00:03:55]} 20.
Qxf5 {[%clk 00:58:59]} {[%emt 00:02:22]} e6 {[%clk 00:33:44]} {[%emt 00:00:36]}
21. Qd3 {[%clk 00:55:39]} {[%emt 00:03:50]} Kh8 {[%clk 00:33:57]} {[%emt
00:00:18]} 22. Rac1 {[%clk 00:51:29]} {[%emt 00:04:40]} Nf4 {[%clk 00:31:48]}
{[%emt 00:02:35]} 23. Qd2 {[%clk 00:50:58]} {[%emt 00:01:03]} Qd6 {[%clk
00:30:54]} {[%emt 00:01:23]} 24. Nd4 {[%clk 00:45:52]} {[%emt 00:05:37]} Rxc1
{[%clk 00:29:11]} {[%emt 00:02:13]} 25. Rxc1 {[%clk 00:46:13]} {[%emt
00:00:09]} Rg8 {[%clk 00:29:28]} {[%emt 00:00:12]} 26. Bf3 {[%clk 00:39:20]}
{[%emt 00:07:23]} Nxh3+ {[%clk 00:27:30]} {[%emt 00:02:29]} 27. Kf1 {[%clk
00:39:07]} {[%emt 00:00:43]} Nf4 {[%clk 00:24:26]} {[%emt 00:03:34]} 28. Qc3
{[%clk 00:38:16]} {[%emt 00:01:19]} Qe5 {[%clk 00:08:32]} {[%emt 00:16:24]} 29.
Ne2 {[%clk 00:35:27]} {[%emt 00:03:19]} Ng6 {[%clk 00:06:43]} {[%emt 00:02:19]}
30. Qc7 {[%clk 00:31:44]} {[%emt 00:04:14]} 1-0

[Event "DVM U16w 2023"]
[Site "Magdeburg GER"]
[Date "2023.12.29"]
[Round "5"]
[White "Chen, Michelle"]
[Black "Yamshchikova, Alisa"]
[Result "1-0"]
[Termination "normal"]
[Board "6.3"]
[WhiteElo "1011"]
[BlackElo "1323"]
[WhiteClock "00:32:22"]
[BlackClock "01:18:28"]
[WhiteTeam "TuRa Harksheide 1945 Norderstedt"]
[BlackTeam "TSG Oberschöneweide"]
[PlyCount "85"]
[WhiteFideId "16275403"]
[BlackFideId "34135790"]
[EventCountry "GER"]
[EventRounds "7"]
[EventType "team-swiss"]
[EventDate "2023.12.26"]

1. e4 {[%clk 01:30:57]} {[%emt 00:00:02]} c5 {[%clk 01:30:56]} {[%emt
00:00:04]} 2. d4 {[%clk 01:31:21]} {[%emt 00:00:06]} cxd4 {[%clk 01:31:09]}
{[%emt 00:00:17]} 3. c3 {[%clk 01:31:49]} {[%emt 00:00:02]} d6 {[%clk
01:30:36]} {[%emt 00:01:02]} 4. cxd4 {[%clk 01:30:33]} {[%emt 00:01:47]} e5
{[%clk 01:30:48]} {[%emt 00:00:19]} 5. dxe5 {[%clk 01:27:16]} {[%emt 00:03:47]}
dxe5 {[%clk 01:31:11]} {[%emt 00:00:06]} 6. Qxd8+ {[%emt 00:00:10]} Kxd8 {[%clk
01:31:32]} {[%emt 00:00:06]} 7. Nf3 {[%clk 01:27:43]} {[%emt 00:00:25]} Bd6
{[%clk 01:31:39]} {[%emt 00:00:21]} 8. Bc4 {[%clk 01:27:31]} {[%emt 00:00:44]}
f6 {[%clk 01:30:26]} {[%emt 00:01:44]} 9. O-O {[%clk 01:26:15]} {[%emt
00:01:46]} Ke7 {[%clk 01:28:55]} {[%emt 00:02:01]} 10. Nc3 {[%clk 01:23:03]}
{[%emt 00:03:41]} Nc6 {[%clk 01:27:25]} {[%emt 00:02:00]} 11. Be3 {[%clk
01:16:55]} {[%emt 00:06:39]} b6 {[%clk 01:23:14]} {[%emt 00:04:40]} 12. Nb5
{[%clk 01:10:35]} {[%emt 00:06:49]} Be6 {[%clk 01:21:05]} {[%emt 00:02:40]} 13.
Nxd6 {[%emt 00:04:02]} Kxd6 {[%clk 01:21:21]} {[%emt 00:00:11]} 14. Rfd1+
{[%clk 01:06:23]} {[%emt 00:01:12]} Ke7 {[%clk 01:21:22]} {[%emt 00:00:29]} 15.
Bd5 {[%clk 01:00:45]} {[%emt 00:06:08]} Bxd5 {[%clk 01:20:22]} {[%emt
00:01:31]} 16. exd5 {[%clk 01:01:13]} {[%emt 00:00:03]} Nb4 {[%clk 01:20:30]}
{[%emt 00:00:21]} 17. a3 {[%clk 00:56:36]} {[%emt 00:05:07]} Nc2 {[%clk
01:20:29]} {[%emt 00:00:31]} 18. Rac1 {[%clk 00:56:45]} {[%emt 00:00:20]} Nxe3
{[%clk 01:20:52]} {[%emt 00:00:07]} 19. fxe3 {[%clk 00:57:14]} {[%emt
00:00:01]} Kd7 {[%clk 01:20:31]} {[%emt 00:00:51]} 20. e4 {[%clk 00:55:26]}
{[%emt 00:02:19]} Ne7 {[%clk 01:20:35]} {[%emt 00:00:25]} 21. Rc3 {[%emt
00:06:46]} Rac8 {[%clk 01:20:21]} {[%emt 00:00:42]} 22. Rdc1 {[%clk 00:48:55]}
{[%emt 00:00:47]} Rxc3 {[%clk 01:20:31]} {[%emt 00:00:20]} 23. Rxc3 {[%clk
00:49:09]} {[%emt 00:00:04]} Rc8 {[%clk 01:20:36]} {[%emt 00:00:37]} 24. Rxc8
{[%clk 00:48:42]} {[%emt 00:00:57]} Nxc8 {[%clk 01:21:00]} {[%emt 00:00:06]}
25. Kf2 {[%clk 00:48:49]} {[%emt 00:00:23]} Nd6 {[%clk 01:21:20]} {[%emt
00:00:10]} 26. Nd2 {[%clk 00:47:50]} {[%emt 00:01:29]} f5 {[%clk 01:20:42]}
{[%emt 00:01:09]} 27. Ke3 {[%clk 00:46:00]} {[%emt 00:02:19]} Nxe4 {[%clk
01:19:43]} {[%emt 00:01:29]} 28. Nxe4 {[%clk 00:45:32]} {[%emt 00:00:58]} fxe4
{[%clk 01:20:07]} {[%emt 00:00:06]} 29. Kxe4 {[%clk 00:45:58]} {[%emt
00:00:05]} Kd6 {[%clk 01:20:31]} {[%emt 00:00:06]} 30. a4 {[%clk 00:37:19]}
{[%emt 00:09:09]} a6 {[%clk 01:18:59]} {[%emt 00:02:02]} 31. b4 {[%clk
00:35:56]} {[%emt 00:01:52]} b5 {[%clk 01:18:29]} {[%emt 00:01:00]} 32. a5
{[%clk 00:31:46]} {[%emt 00:04:40]} g5 {[%clk 01:18:11]} {[%emt 00:00:48]} 33.
g4 {[%clk 00:31:33]} {[%emt 00:00:44]} h6 {[%clk 01:18:34]} {[%emt 00:00:06]}
34. h3 {[%clk 00:31:11]} {[%emt 00:00:52]} Kd7 {[%clk 01:16:57]} {[%emt
00:02:11]} 35. Kxe5 {[%clk 00:31:20]} {[%emt 00:00:16]} Ke7 {[%clk 01:17:09]}
{[%emt 00:00:19]} 36. d6+ {[%clk 00:30:53]} {[%emt 00:00:57]} Kd7 {[%clk
01:17:14]} {[%emt 00:00:25]} 37. Kd5 {[%clk 00:30:58]} {[%emt 00:00:24]} Kd8
{[%clk 01:17:28]} {[%emt 00:00:16]} 38. Ke6 {[%clk 00:30:44]} {[%emt 00:00:45]}
Ke8 {[%clk 01:17:45]} {[%emt 00:00:13]} 39. d7+ {[%clk 00:31:01]} {[%emt
00:00:13]} Kd8 {[%clk 01:17:55]} {[%emt 00:00:20]} 40. Kd6 {[%clk 00:31:17]}
{[%emt 00:00:14]} h5 {[%clk 01:18:00]} {[%emt 00:00:25]} 41. gxh5 {[%clk
00:31:33]} {[%emt 00:00:14]} g4 {[%clk 01:18:23]} {[%emt 00:00:08]} 42. h6
{[%clk 00:31:58]} {[%emt 00:00:05]} g3 {[%clk 01:18:28]} {[%emt 00:00:24]} 43.
h7 {[%clk 00:32:22]} {[%emt 00:00:06]} 1-0